| 000 | 02400nam0a2200421 i 4500 | ||
|---|---|---|---|
| 001 | RU\NLR\BIBL_A\010584234 | ||
| 005 | 20241105142320.0 | ||
| 010 |
_a9785995004363 _92000 |
||
| 021 |
_aRU _b2014-86738 _95277 |
||
| 035 | _a(NILC)RuMoRGB-007826145 | ||
| 035 | _a(NLR Aleph) 010584234 | ||
| 090 |
_a10474994 _c10474994 |
||
| 100 | _a20150114d2014 um y0rusy50 ca | ||
| 101 | 1 |
_arus _cger |
|
| 102 | _aRU | ||
| 105 | _ay|||z|||001yy | ||
| 200 | 1 |
_aВерховное командование 1914-1916 годов в его важнейших решениях _fЭрих фон Фалькенгайн _g[пер. с нем. и предисл. А.Е. Снесарева _gвступ. ст. и науч. ред. Л.В. Ланника _gпримеч. А.Е. Снесарева и Л.В. Ланника] |
|
| 210 |
_aМосква _cКучково поле _cМегаполис _d2014 |
||
| 215 |
_a334 [1] с. _d21 |
||
| 225 | 1 | _aВоенные мемуары | |
| 300 | _aЗагл. и авт. ориг.: Die Oberste Heeresleitung, 1914-1916: In ihren wichtigsten Entschlieβungen / Erich von Falkenhayn | ||
| 320 | _aБиблиогр. в подстроч. примеч. | ||
| 454 | 1 |
_12001#$aDie Oberste Heeresleitung, 1914-1916: In ihren wichtigsten Entschlieβungen _1700#1$aFalkenhayn$bE.v.$f1861-1922$gErich von _tDie Oberste Heeresleitung, 1914-1916: In ihren wichtigsten Entschlieβungen _aFalkenhayn, Erich von (1861-1922) |
|
| 600 | 1 |
_aФалькенхайн _bЭ. фон _f1861 - 1922 _gЭрих фон _jВоспоминания, записки и т.п _91318337 _3RU\NLR\AUTH\66231394 |
|
| 601 | 0 | 1 |
_aГермания _bГенеральный штаб _jВоспоминания, записки и т.п _xИстория _z1914 - 1916 _92213962 _3RU\NLR\AUTH\6601563465 |
| 606 | 1 |
_aПервая мировая война _jВоспоминания, записки и т.п _xВоенные операции _z1914 - 1918 _z1914 - 1916 _92213974 _3RU\NLR\AUTH\6601563470 |
|
| 686 | 1 | _aЦ4,8(4Г)243дФалькенхайн | |
| 686 | 1 | _aЦ4,8(4Г)221.1г,013 | |
| 686 | 1 | _aЦ35(0)532.2,013 | |
| 686 | 1 | _aЦ35(2)523,013 | |
| 686 | 1 | _aТ3(0)532,013 | |
| 700 | 1 |
_aФалькенгайн _bЭ. ф. _f1861-1922 _gЭрих фон |
|
| 801 | 0 |
_aRU _bРГБ _c20141120 _gRCR |
|
| 801 | 1 |
_aRU _bРГБ _c20141120 _2rusmarc |
|
| 942 | _cBOOK | ||
| 980 | _aNBR | ||